00588cam a2200169 a 4500020001500000082001200015100002100027245005300048250001400101260005100115300003000166500013500196650002300331650002400354700001900378700002100397 a04702141470 a547 VOG1 aVogel, Arthur I.10aVogel's Textbook of practical organic chemistry. a5th ed. / aLondon :bLongman ;aNew York :bWiley,c1989. axxviii, 1514 p. :bill. ; aFourth ed. published in 1978 under title: Vogel's Textbook of practical organic chemistry, including qualitative organic analysis. 0aChemistry, Organic 0aChemistry, Analytic1 aFurniss, B. S.1 aVogel, Arthur I.